| 000 | 01415cam a2200349 a 4500 | ||
|---|---|---|---|
| 001 | EDZ0000018690 | ||
| 003 | StDuBDS | ||
| 005 | 20161031105150.0 | ||
| 006 | m||||||||d|||||||| | ||
| 007 | cr ||||||||||| | ||
| 008 | 110110s2002 cau fo| 001|0|eng|d | ||
| 020 |
_a9781412990042 (ebook) : _cNo price |
||
| 040 |
_aStDuBDS _beng _cStDuBDS _epn |
||
| 049 | _aAlfaisal Main Library | ||
| 050 | 4 | _aHM736.N48 | |
| 082 | 0 | 4 |
_a302.2 _223 |
| 245 | 0 | 0 |
_aNew directions in group communication _h[electronic resource] / _cedited by Lawrence R. Frey. |
| 260 |
_aThousand Oaks, Calif. ; _aLondon : _bSAGE, _cc2002. |
||
| 300 | _a1 online resource (320 p.) | ||
| 520 | 8 | _aSetting the agenda for the study of group communication in the future, this text explores new territory in the current field of small group communication. | |
| 521 | _aSpecialized. | ||
| 588 | _aDescription based on print version record. | ||
| 504 | _aIncludes bibliographical references and index. | ||
| 650 | 0 | _aInterpersonal communication. | |
| 655 | 7 |
_aElectronic books. _2local |
|
| 700 | 1 | _aFrey, Lawrence R. | |
| 710 | 2 | _aSage eBooks | |
| 776 | 0 | 8 |
_iPrint version : _z9780761912811 |
| 856 | 4 | 0 |
_3SAGE research methods _uhttp://methods.sagepub.com/book/new-directions-in-group-communication |
| 856 | 4 | 0 | _uhttp://ezproxy.alfaisal.edu/login?url=http://sk.sagepub.com/books/new-directions-in-group-communication |
| 942 |
_2lcc _cEBOOKS |
||
| 999 |
_c480742 _d480742 |
||